Struggle to earn public trust (Record no. 73042)

MARC details
000 -LEADER
fixed length control field 01634cam a2200265 4500
001 - CONTROL NUMBER
control field ABS66916
008 - FIXED-LENGTH DATA ELEMENTS--GENERAL INFORMATION
fixed length control field 111219e2003 000 0 eng u
035 ## - SYSTEM CONTROL NUMBER
System control number (Sirsi) u123006
100 ## - MAIN ENTRY--PERSONAL NAME
Personal name Yarwood, J.
245 ## - TITLE STATEMENT
Title Struggle to earn public trust
260 ## - PUBLICATION, DISTRIBUTION, ETC.
Date of publication, distribution, etc. 2003
490 ## - SERIES STATEMENT
Series statement Planning (for the Natural and Built Environment)
Volume/sequential designation (1525) 27 June 2003, 16(1)
520 ## - SUMMARY, ETC.
Summary, etc. Questions why government and industry have failed to change the public perception of telecommunications development proposals. The 2002 code of best practice on the siting of mobile phone masts, the revised PPG8 and amendments to the General Permitted Development Order 1995 and the Federation of the Electronics Industry's 'ten commitments' have all strived to improve public consultation. However, public mistrust remains because government has failed to address health and safety concerns and this mistrust often impacts on the decisions of planning committees. Argues that the code of best practice provides useful siting and design guidance for operators and it is now up to government to secure public support for the telecommunications industry.
590 ## - LOCAL NOTE (RLIN)
Local note ABS
650 ## - SUBJECT ADDED ENTRY--TOPICAL TERM
Topical term or geographic name entry element PPG8
650 ## - SUBJECT ADDED ENTRY--TOPICAL TERM
Topical term or geographic name entry element CONSULTATION
650 ## - SUBJECT ADDED ENTRY--TOPICAL TERM
Topical term or geographic name entry element OPERATORS
650 ## - SUBJECT ADDED ENTRY--TOPICAL TERM
Topical term or geographic name entry element BASE STATIONS
650 ## - SUBJECT ADDED ENTRY--TOPICAL TERM
Topical term or geographic name entry element HEALTH AND SAFETY
9 (RLIN) 6244
650 ## - SUBJECT ADDED ENTRY--TOPICAL TERM
Topical term or geographic name entry element MOBILE PHONE MASTS
650 ## - SUBJECT ADDED ENTRY--TOPICAL TERM
Topical term or geographic name entry element TELECOMMUNICATIONS DEVELOPMENT
690 ## - LOCAL SUBJECT ADDED ENTRY--TOPICAL TERM (OCLC, RLIN)
Topical term or geographic name as entry element ENVIRONMENTAL AND LAND CONSULTANCY-PLANNING AND DEVELOPMENT
856 40 - ELECTRONIC LOCATION AND ACCESS
Uniform Resource Identifier <a href="https://www.communities.gov.uk/documents/planningandbuilding/pdf/codemobilenetwork.pdf ">https://www.communities.gov.uk/documents/planningandbuilding/pdf/codemobilenetwork.pdf </a>
Public note View the code of practice free of charge at www.communities.gov.uk
942 ## - ADDED ENTRY ELEMENTS (KOHA)
Suppress in OPAC 0
Holdings
Withdrawn status Lost status Source of classification or shelving scheme Damaged status Not for loan Home library Current library Shelving location Date acquired Total Checkouts Full call number Barcode Date last seen Copy number Price effective from Koha item type
    Dewey Decimal Classification     London London Journal article 15/07/2003   ABS66916 123006-1001 06/08/2019 1 06/08/2019 Journal article